LEADER 00889cam0-2200313---450- 001 990004990270403321 005 20090828103843.0 035 $a000499027 035 $aFED01000499027 035 $a(Aleph)000499027FED01 035 $a000499027 100 $a19990604d1972----km-y0itay50------ba 101 0 $afre 102 $aCA 105 $aa-------001yy 200 1 $aPhonologie de l'acadien$eparler de la région de Moncton, N.B., Canada$fVincent Lucci 210 $aParis$cDidier$dc1972 215 $aVIII, 150 p.$cill.$d23 cm 225 1 $aStudia phonetica$v7 610 0 $aLingua francese$aCanada 676 $a447.971 700 1$aLucci,$bVincent$0200330 801 0$aIT$bUNINA$gRICA$2UNIMARC 901 $aBK 912 $a990004990270403321 952 $a447.971 LUC 1$bIst.f.m.25061$fFLFBC 959 $aFLFBC 996 $aPhonologie de l'acadien$9530795 997 $aUNINA LEADER 01164nam1-22003011i-450- 001 990005392750403321 005 19990530 010 $a3-484-20200-9 035 $a000539275 035 $aFED01000539275 035 $a(Aleph)000539275FED01 035 $a000539275 100 $a19990530d1988----km-y0itay50------ba 101 0 $ated 105 $ay-------001yy 200 1 $a2.: Boethius, "De consolatione Philosophiae"$eBuch III$fNotker der Deutsche$ghrsg. von Petrus W. Tax 210 $aTnbingen$cNiemeyer$d1988. 215 $aVIII, p. 109-182$d24 cm 225 1 $a<>Werke Notkers des Deutschen$v2 461 1$1001000539260$12001$aDie Werke Notkers des Deutsche$fbegonnen von Edward H. Sehrt u. Taylor Starck$gFortges. von James C. King u. Petrus W. Tax 700 1$aBoethius,$bAnicius Manlius Torquatus Severinus$f<475/480-ca. 524/525>$0182801 801 0$aIT$bUNINA$gRICA$2UNIMARC 901 $aBK 912 $a990005392750403321 951 $a437.01 A TX 100$bDip.f.m.3327$eBiblioteca centralizzata della Facoltŕ di Lettere e Filosofia$fFLFBC 959 $aFLFBC 996 $a2.: Boethius, "De consolatione Philosophiae"$9595126 997 $aUNINA LEADER 01038nam0-2200385---450 001 990005605730203316 005 20190403124926.0 035 $a000560573 035 $aUSA01000560573 035 $a(ALEPH)000560573USA01 035 $a000560573 100 $a19981214d1945----|||y0itaa50------ba 101 $aita 102 $ait 105 $a0 00||| 200 1 $aLagrange$fFilippo Burzio 205 $aRist. corr 210 $aTorino$cUtet$d1945 215 $a275 p.$d22 cm 225 2 $a<> grandi italiani$ecollana di biografie$v14 410 0$12001$a<> grandi italiani$v14 620 $dTORINO 676 $a854.912 700 1$aBURZIO,$bFilippo$060493 801 0$aIT$bSA$c20111219 912 $a990005605730203316 950 0$aDipar.to di Filosofia - Salerno$dDFAA 854.912 BUR$e2043 FIL 951 $aAA 854.912 BUR$b2043 FIL 959 $aBK 969 $aFIL 979 $c20121027$lUSA01$h1525 979 $c20121027$lUSA01$h1614 996 $aLagrange$9260451 997 $aUNISA NUM $aSA0003727